Fundamentos de Física / (Record no. 140549)

MARC details
000 -LEADER
campo de control de longitud fija 00620nam a2200181 4500
001 - NÚMERO DE CONTROL
campo de control 140549
003 - IDENTIFICADOR DE NÚMERO DE CONTROL
campo de control ES-MaACL
005 - FECHA Y HORA DE LA ÚLTIMA TRANSACCIÓN
campo de control 20230906200112.0
007 - CAMPO FIJO DE DESCRIPCIÓN FÍSICA--INFORMACIÓN GENERAL
campo de control de longitud fija t|
008 - DATOS DE LONGITUD FIJA--INFORMACIÓN GENERAL
campo de control de longitud fija 070214s1958 sp r ||||1| spa d
100 1# - ENTRADA PRINCIPAL--NOMBRE DE PERSONA
Nombre de persona Sears, Francis Weston.
9 (RLIN) 104994
245 10 - MENCIÓN DEL TÍTULO
Título Fundamentos de Física /
Mención de responsabilidad, etc. Francis Weston Sears ; versión de Luis Bravo Gala.
260 ## - PUBLICACIÓN, DISTRIBUCIÓN, ETC.
Lugar de publicación, distribución, etc. Madrid :
Nombre del editor, distribuidor, etc. Aguilar,
Fecha de publicación, distribución, etc. 1958.
300 ## - DESCRIPCIÓN FÍSICA
Extensión 3 v. :
Otras características físicas il. ;
Dimensiones 22 cm.
505 8# - NOTA DE CONTENIDO CON FORMATO
Nota de contenido con formato Contiene: Vol. I. Mecánica, calor y sonido. Vol. II. Electricidad y magnetismo. Vol. III. Optica
700 1# - ENTRADA AGREGADA--NOMBRE PERSONAL
Nombre de persona Bravo Gala, Luis.
9 (RLIN) 31482
852 ## - LOCALIZACIÓN
Ubicación ES-MaACL
Número de control de estantería E-3530-2
Sublocalización o colección R.41800
Holdings
Estatus retirado Estado de pérdida Estado de daño No para préstamo Biblioteca de origen Biblioteca actual Ubicación en estantería Fecha de adquisición Fuente de adquisición Total de préstamos Signatura topográfica completa Código de barras Visto por última vez Precio de reemplazo Tipo de ítem Koha
        Biblioteca del Ateneo de Madrid Biblioteca del Ateneo de Madrid Depósito 2 17/01/2008     E-3530-2 1146258 23/02/2023 23/02/2023 Libro impreso